UBT Library

Hotel Turistik Malor (Record no. 45403)

000 -LEADER
fixed length control field 00262nam a22001217a 4500
008 - FIXED-LENGTH DATA ELEMENTS--GENERAL INFORMATION
fixed length control field 180421b xxu||||| |||| 00| 0 eng d
041 ## - LANGUAGE CODE
Language code of text/sound track or separate title eng
080 ## - UNIVERSAL DECIMAL CLASSIFICATION NUMBER
Universal Decimal Classification number 043.3
100 ## - Rafti
Rafti 0
101 ## - Shkurtesa
Shkurtesa ARK-BA
245 ## - TITLE STATEMENT
Title Hotel Turistik Malor
Statement of responsibility, etc Abazi, F
942 ## - ADDED ENTRY ELEMENTS (KOHA)
Source of classification or shelving scheme
Item type Books
Holdings
Withdrawn status Lost status Source of classification or shelving scheme Damaged status Not for loan Collection code Permanent location Current location Shelving location Date acquired Total Checkouts Full call number Barcode Date last seen Price effective from Koha item type
          Koleksioni i përgjithshem UBT - Lipjan UBT - Lipjan Disertacionet 04/21/2018   043.3 Abazi, F 2015 002-30021664 04/26/2018 04/21/2018 Books
          Koleksioni i përgjithshem UBT - Lipjan UBT - Lipjan Disertacionet 04/21/2018   043.3 Abazi, F 2015 002-30021376 04/21/2018 04/21/2018 Books
          Koleksioni i përgjithshem UBT - Lipjan UBT - Lipjan Disertacionet 04/26/2018   043.3 Abazi, F 2015 002-3003402 04/26/2018 04/26/2018 Books
          Koleksioni i përgjithshem UBT - Lipjan UBT - Lipjan Disertacionet 04/26/2018   043.3 Abazi, F 2015 002-3003409 04/26/2018 04/26/2018 Books
UBT Library © 2015-2024. All rights reserved University Education for Business and Technology